000
00178nam a2200085Ia 4500
008
220204s9999 xx 000 0 und d
082
_a
82-7
_b
FUN
245
0
_a
Fun fare
942
_c
BK
999
_c
29093
_d
29093